000 00389nam a22001337a 4500
003 LRUA
005 20231106220024.0
008 231106b xxu||||| |||| 00| 0 eng d
040 _cDLC
082 _2630 VAL 1980 C073 Or.
245 _aVALORISATION DES SOUS-PRODUITS AGRICOLES TROPICAUX EIEMENTS DE BIBLIOGRAPHIE ET REPERTOIRE DES CENTRES DE RECHERCHE
300 _a198P
942 _2ddc
_cEK
999 _c22124
_d22124